| 000 | 00978nam a2200301Ia 4500 | ||
|---|---|---|---|
| 001 | 16822 | ||
| 003 | IT-RoPAU | ||
| 008 | 130308s9999 xx 000 0 und d | ||
| 040 | _aIT-RoPAU | ||
| 040 | _cIT-RoPAU | ||
| 041 | _aITALIANO | ||
| 100 | _aBila' Alberto | ||
| 100 | _gCodice Aut. SPICS: 17226 | ||
| 245 | _aOrganizzazione di una radio (L') | ||
| 245 | _bRicerche Sulla Radiofonia | ||
| 250 | _a1a ed. | ||
| 260 | _aROMA | ||
| 260 | _bSPICS | ||
| 260 | _c1984 [1° Ed.:1984 - Ed.Ling.Originale:1984] | ||
| 300 | _a"12 p. (prefazione: no ; testo: 12)" | ||
| 500 | _aAmbienti Studi Studio della Diretta Studi di registrazione regia Discotecanastroteca redazione segreteria Personale Direttore responsabile Direttore Artistico Fonici tecnici Speaker e Disc Jockey Collaboratori Esterni Agente pubblicitario | ||
| 650 | _aELABORATI STUDENTI SPICS | ||
| 650 | _eCodice materia Spics: 9905 | ||
| 942 | _cBK | ||
| 957 | _71 | ||
| 999 |
_c64942 _d64942 |
||
| 999 | _bSI | ||
| 999 | _g1 | ||